00309nam a2200121Ia 4500008004100000082001900041100001900060245003300079250000800112260003900120300001000159650001800169150201s1997 xx 000 0 und d a617.63bC1997L aLASKARIS,GERGE aCOLOUR ATLAS OF ORAL DISEASE a2ND bTHIENE PUBLICATIONaNEW YORKc1997 a1-454 aORAL MEDICINE